| 000 | 00995nam a22003017a 4500 | ||
|---|---|---|---|
| 003 | CHAP | ||
| 005 | 20220329134747.0 | ||
| 008 | 971013s1974 r 00010 d | ||
| 010 | _a25401 | ||
| 011 | _a26373 | ||
| 035 | _a30474 | ||
| 040 | _cCHAP | ||
| 090 | _aFolleto 11384 | ||
| 100 | 0 | 0 |
_aBryson, R. A. _915847 |
| 245 |
_aWorld climate and world food systems III _b: the lessons of climatic history |
||
| 260 |
_aMadison, Wis. : _bInstitute for Environmental Studies University of Wisconsin, _c1974 |
||
| 300 |
_a17 p. _b: ilus. ; gráfs. |
||
| 590 |
_aBATCH-UPD _b10 _c20130110 _lUCH01 _h1339 |
||
| 590 |
_aBATCH-UPD _b10 _c20130410 _lUCH01 _h0841 |
||
| 590 |
_aBATCH-UPD _b10 _c20130914 _lUCH01 _h0757 |
||
| 590 |
_aCONVERSION _b10 _c20130109 _lUCH01 _h1315 |
||
| 650 | 1 | 4 |
_aCambios climáticos. _917792 |
| 650 | 1 | 4 |
_aClimatología _xHistoria. _923866 |
| 650 | 1 | 4 |
_aCultivos _xRendimiento. _930318 |
| 901 | _aBK | ||
| 942 | _cFOLL | ||
| 949 |
_aFolleto 11384 _bBC _cFOLL _d-70751 _eTS1 _i30474 _si |
||
| 999 |
_c25401 _d25401 |
||